000 00813cam a2200241 i 4500
999 _c4886
_d4886
001 4645743
003 OSt
005 20200129121852.0
008 790925s1980 nyua b 001 0 eng
020 _a070662924
040 _coclc
082 0 0 _a658.4033
_bGAL/Q
100 _aGallagher, Charles A
_91599
245 1 0 _aQuantitative methods for business decisions /
_cCharles A. Gallagher ; Hugh J. Watson.
260 _aNew York :
_bMcGraw-Hill,
_cc1980.
300 _a 604 p. :
504 _aIncludes bibliographies and indexes.
650 0 _aIndustrial management
_xMathematical models.
650 0 _aDecision making
_xMathematical models.
650 0 _aStatistical decision.
700 1 _aWatson, Hugh J.
_ejoint author.
_91656
942 _2ddc
_cBK
_h658.4033
_iGAL/Q
_k658.4033
_mGAL/Q